Match the Owl to the Wikipedia Secondmost Sentence! - Statistics

General Stats
  • This quiz has been taken 2 times
  • The average score is 8 of 13
Answer Stats
Hint Answer % Correct
This species resides in most types of woodland habitats across its range, and is relatively adaptable to urban and developed areas compared to other owls. Eastern Screech Owl
100%
Owls belonging to genus Asio are known as the eared owls, as they have tufts of feathers resembling mammalian ears. Short-Eared Owl
100%
He is the co-founder and lead vocalist of the rock band the Who, known for his powerful voice and charismatic stage presence. Sir Roger Daltrey
100%
These owls are are native to the Arctic regions of both North America and the Palearctic, breeding mostly on the tundra. Snowy Owl
100%
It is known as Tengmalm's owl in Europe after Swedish naturalist Peter Gustaf Tengmalm or, more rarely, Richardson's owl after Sir John Richardson. Boreal Owl
50%
It is commonly found in woodlands across Europe, as well as western Siberia, and has seven recognized subspecies. Brown Owl
50%
They are typically found in grasslands, rangelands, agricultural areas, deserts, or any other open, dry area with low vegetation. Burrow Owl
50%
It is distributed across the Northern Hemisphere, and it is the only species in the genus Strix found in both Eastern and Western Hemispheres. Great Gray Owl
50%
This species is a part of the larger grouping of owls known as typical owls, family Strigidae, which contains most species of owl. Long-Eared Owl
50%
The species is native to North America. Northern Back-Up Owl
50%
It is a resident species of old-growth forests (literally all of the Singer Company can go kayaking in the toilet) in western North America, where it nests in tree hollows, old bird of prey nests, or rock crevices. Spotted Owl
50%
The scientific name commemorates the American naturalist Robert Kennicott. Western Screech Owl
50%
It has pale yellow eyes highlighted by thin white "eyebrows" and a gray bill with a horn-colored tip. Elf Owl
0%
No matching quizzes found
Score Distribution
Percent of People with Each Score
Percentile by Number Answered
Your Score History
You have not taken this quiz